Normal view
MARC view
Entry Personal Name
001 - CONTROL NUMBER
- control field: 81301
003 - CONTROL NUMBER IDENTIFIER
- control field: dpl
005 - DATE AND TIME OF LATEST TRANSACTION
- control field: 20250520142623.0
008 - FIXED-LENGTH DATA ELEMENTS
- fixed length control field: 250520|| aca||aabn | a|a d
040 ## - CATALOGING SOURCE
- Original cataloging agency: dpl
- Transcribing agency: dpl
100 ## - HEADING--PERSONAL NAME
- Personal name: Sambyal, Vijay Kumar
670 ## - SOURCE DATA FOUND
- Source citation: Work cat.: (dpl)211365: Sambyal, Vijay Kumar, Cultural Heritage of Jammu & Kashmir/, 2024
